| 000 | 00934pam a2200289 a 4500 | ||
|---|---|---|---|
| 001 | 3998197 | ||
| 003 | NUST - PNEC | ||
| 005 | 20170116180959.0 | ||
| 008 | 960513s1997 maua 001 0 eng | ||
| 010 | _a 96023310 | ||
| 020 | _a0534934293 (hc) | ||
| 020 | _a0412368803 | ||
| 040 |
_aDLC _cDLC _dDLC |
||
| 050 | 0 | 0 |
_aTA405 _b.G44 1997 |
| 082 | 0 | 0 | _a620.112 GER |
| 100 | 1 | _aGere, James M. | |
| 245 | 1 | 0 |
_aMechanics of materials / _cJames M. Gere, Stephen P. Timoshenko. |
| 250 | _a3rd ed. | ||
| 260 |
_aLondon: _bStanley Thrones (Publishers)Ltd., _cc1996. |
||
| 300 |
_axvi, 913 p. : _bill. ; _c25 cm. |
||
| 500 | _aIncludes indexes. | ||
| 650 | 0 |
_aStrength of materials. _xME |
|
| 700 | 1 |
_aTimoshenko, Stephen, _d1878-1972. |
|
| 906 |
_a7 _bcbc _corignew _d1 _eocip _f19 _gy-gencatlg |
||
| 942 |
_2ddc _cBK |
||
| 999 |
_c66645 _d66645 |
||